| 000 | 01199nam0a2200337 4500 | ||
|---|---|---|---|
| 001 | RU\NLR\bibl\161228 | ||
| 005 | 20260406150359.0 | ||
| 010 |
_a5-7838-0676-5 _910000 |
||
| 021 |
_aRU _b2000-43867 _92027 |
||
| 035 | _a(NLR Aleph) 000158145 | ||
| 090 |
_a909133 _c909133 |
||
| 100 | _a20010607d2000 |||y0rusy50 ca | ||
| 101 | 0 | _arus | |
| 102 | _aRU | ||
| 105 | _ay ||||||||| | ||
| 200 | 1 |
_aКопчение, соление, вяление _f[Сост. Л.И. Зданович] |
|
| 210 |
_aМ. _cВече _d2000 |
||
| 215 |
_a157,[2] с. _d20 |
||
| 225 | 1 | _aДомашний кулинар | |
| 606 | 0 |
_aПищевые продукты _xВяление _92183853 _3RU\NLR\auth\661313088 |
|
| 606 | 0 |
_aПищевые продукты _xКопчение _91363226 _3RU\NLR\auth\66570529 |
|
| 606 | 0 |
_aПищевые продукты _xПосол _92183851 _3RU\NLR\auth\661313087 |
|
| 686 | _aЛ814.41 | ||
| 686 | _aЛ816.2 | ||
| 686 | _aЛ816.3 | ||
| 702 | 1 |
_4220 _8rus _7ca _aЗданович _bЛ. И. _f1954- _gЛеонид Иванович _3RU\NLR\auth\774994 _9114965 |
|
| 801 | 0 |
_aRU _bNLR _c20010607 _gPSBO |
|
| 801 | 1 |
_aRU _bNLR _c20010607 |
|
| 942 | _cBOOK | ||
| 980 | _aNB | ||